5HLuxD.jpg

KING HENRY VIII SENIOR AND PRIMARY SCHOOL LIBRARY OPAC

Kartun anti racism / (Record no. 1037)

000 -LEADER
fixed length control field 00549nam a22002057a 4500
005 - DATE AND TIME OF LATEST TRANSACTION
control field 20200316151829.0
008 - FIXED-LENGTH DATA ELEMENTS--GENERAL INFORMATION
fixed length control field 200316b ||||| |||| 00| 0 eng d
020 ## - INTERNATIONAL STANDARD BOOK NUMBER
International Standard Book Number 9789671762509
040 ## - CATALOGING SOURCE
Transcribing agency KH8
082 ## - DEWEY DECIMAL CLASSIFICATION NUMBER
Classification number 305.8 ZUN
100 ## - MAIN ENTRY--PERSONAL NAME
Personal name Zunar
Relator term author & illustrator
245 ## - TITLE STATEMENT
Title Kartun anti racism /
Statement of responsibility, etc. Zunar
260 ## - PUBLICATION, DISTRIBUTION, ETC.
Place of publication, distribution, etc. Kuala Lumpur :
Name of publisher, distributor, etc. Tiga Cipta Enterprise,
Date of publication, distribution, etc. 2019.
300 ## - PHYSICAL DESCRIPTION
Extent 48 p. ;
Other physical details ill :
Dimensions 17 x 26 cm.
500 ## - GENERAL NOTE
General note Signed copy
546 ## - LANGUAGE NOTE
Language note Malay & English
650 ## - SUBJECT ADDED ENTRY--TOPICAL TERM
Topical term or geographic name entry element Racism
651 ## - SUBJECT ADDED ENTRY--GEOGRAPHIC NAME
Geographic name Malaysia
Relator term Politics
942 ## - ADDED ENTRY ELEMENTS (KOHA)
Source of classification or shelving scheme
Koha item type Books - Non Ficton
Holdings
Withdrawn status Lost status Source of classification or shelving scheme Damaged status Not for loan Collection code Permanent Location Current Location Shelving location Date acquired Full call number Barcode Date last seen Copy number Price effective from Koha item type
          Non-Fiction KH8 Senior School Library KH8 Senior School Library Non Fiction 2020-03-16 305.8 ZUN 3KHSL000101780 2020-03-16 1 2020-03-16 Books - Non Ficton
          Non-Fiction KH8 Senior School Library KH8 Senior School Library Non Fiction 2020-03-16 305.8 ZUN 3KHSL000101781 2020-03-16 2 2020-03-16 Books - Non Ficton

Powered By KH8 IT Dept